Structural analysis.

Shranjeno v:
Bibliografske podrobnosti
Glavni avtor: Kassimali, Aslam (Author)
Format: Neznan
Izdano: Boston, USA: Cengage, 2020.
Izdaja:Sixth Edition.
Teme:
Oznake: Označite
Brez oznak, prvi označite!

MARC

LEADER 00000 a2200000 4500
003 CL-VaPUC
005 20240126131711.0
008 240123t2020 ||||| |||| 00| 0 eng d
999 |c 442665  |d 442663 
020 |a 978-1337630948 
040 |c Pontificia Universidad Católica de Valparaíso 
082 7 |a 624.171 KAS 2020  |2 22 
100 |a Kassimali, Aslam  |9 498278  |e author 
245 |a Structural analysis.  
250 |a Sixth Edition.  |b SI Edition.  
260 |a Boston, USA:   |b Cengage,  |c 2020. 
300 |a xviii, 813 páginas.  
583 |k GC  |c 20240123 
650 0 |a Análisis estructural   |9 262653  |x Ingeniería  
942 |2 ddc  |c BK 
952 |0 0  |1 0  |2 ddc  |4 0  |6 624_171000000000000_KAS_2020  |7 0  |8 A  |9 593430  |a BIBING  |b BIBING  |c GEN  |d 2024-01-23  |e 1  |g 125146.00  |i 5660205  |o 624.171 KAS 2020  |p 5660205  |r 2025-01-20  |t 2  |v 125146.00  |w 2024-01-23  |y BK  |k CIC 
952 |0 0  |1 0  |2 ddc  |4 0  |6 624_171000000000000_KAS_2020  |7 0  |8 A  |9 593431  |a BIBING  |b BIBING  |c GEN  |d 2024-01-23  |e 1  |g 125146.00  |i 5660204  |o 624.171 KAS 2020  |p 5660204  |r 2025-01-20  |t 1  |v 125146.00  |w 2024-01-23  |y BK  |k CIC